000 00876nam a22002177a 4500
005 20081020122038.0
008 081020t xxu||||| |||| 00| 0 eng d
010 _aENG-84144
020 _a8189233335
020 _c600.00 (hb)
035 _aEN-67677
082 _a331.62095451 / PUR
100 _aPurnendu Kumar
245 _aState and society in North-East India:
_ba study of immigrant tea plantation labourers /
_cby Purnendu Kumar
260 _aNew Delhi
_bRegency Publications
_e20/36-G, Old Market, West Patel Nagar, New Delhi-110008
260 _c2006
300 _axx,225p
_c22cm
500 _aIncludes bibliographical references and index
942 _2ddc
_cEN
_h331.62095451
_mPUR
999 _c17108
_d17108